Biblioteca

Psicología de la edad adulta y la vejez / K. Warner Schaie ; Sherry L Willis ; Maria Olmos Soria, Traducción. (Registro nro. 43692)

Detalles MARC
000 -LÍDER
Campo fijo de descripción fija 014180000a22002410004500
001 - NÚMERO DE CONTROL
Campo de control 14873
003 - IDENTIFICADOR DEL NÚMERO DE CONTROL
Campo de control CO-MdBIC
020 ## - NÚMERO INTERNACIONAL NORMALIZADO PARA LIBROS
Número Internacional Normalizado del libro 84-205-3711-X
040 ## - FUENTE DE CATALOGACIÓN
Idioma de catalogación spa.
082 04 - NÚMERO DE CLASIFICACIÓN DECIMAL DEWEY
Número de clasificación G 155.67 S2969p
100 1# - ASIENTO PRINCIPAL--NOMBRE PERSONAL
Nombre personal Shaie, K. Warner
245 10 - TÍTULO
Título del Material Psicología de la edad adulta y la vejez / K. Warner Schaie ; Sherry L Willis ; Maria Olmos Soria, Traducción.
250 ## - MENCIÓN DE EDICIÓN
Mención de edición 5 ed.
260 ## - PUBLICACIÓN, DISTRIBUCIÓN, ETC. (PIE DE IMPRENTA)
Lugar de publicación, distribución, etc. Madrid : Pearson
300 ## - DESCRIPCIÓN FÍSICA
Extensión 609 p.
336 ## - CONTENT TYPE
Content type term texto
Content type code txt
Source rdacontent
337 ## - MEDIA TYPE
Source rdamedia
Media type term sin mediación
Media type code n
338 ## - CARRIER TYPE
Source rdacarrier
Carrier type term volumen
Carrier type code nc
505 ## - NOTA DE CONTENIDO
Nota de contenido con formato preestablecido desarrollo adulto y envejecimiento -- la juventud: independencia contra intimidad -- la madurez : generatividad y responsabilidad -- la vejez: reintegración o desesperación -- metodología de investigación en desarrollo adulto y envejecimiento -- la familia: relaciones interdependientes -- hombres y mujeres: juntos y separados -- la carrera profesional: ganarse la vida -- desarrollo de la personalidad: continuidad y cambio -- motivación: creencias, metas y afectividad -- aprendizaje y memoria: adquirir y retener información -- desarrollo intelectual: mostrarse competente -- desarrollo biológico: el cuerpo envejece -- trastornos mentales: no poder afrontar la realidad -- el final de la vida: la muerte y el duelo
650 14 - ASIENTO SECUNDARIO DE MATERIA - TERMINO TEMÁTICO
Término temático o nombre geográfico como elemento de entrada VEJEZ \ PSICOLOGIA \ EDAD ADULTA \ MADUREZ (PSICOLOGIA)
700 1# - ASIENTO SECUNDARIO - NOMBRE PERSONAL
Nombre personal Olmos Soria, Marina, Trad.
942 ## - TIPO DE MATERIAL (KOHA)
Tipo de Item KOHA Libros General
Existencias
Estado de Material Estado de Perdido Estado de Dañado No para Préstamo Colección Tomo Biblioteca de Origen Biblioteca Permanente Fecha de Adquisición Total de Préstamos Total de Renovaciones Signatura Topográfica Código de Barras Última vez visto Última vez Préstado Ejemplar/Existencia Fecha de Remplazo Tipo de Material
        Colección General   Biblioteca FUSBC Biblioteca FUSBC 08/08/2008 1 1 G 155.67 S2969p 16926 19/02/2025 07/03/2023 1 26/01/2016 Libros General

Biblioteca FUSBC | Teléfono: (57+4) 349 88 10 Ext. 141| WhatsApp (+57) 3005338115 
E-mail: biblioteca@unisbc.edu.co | Calle 76 87-14 Robledo Palenque, Medellín, Colombia

Con tecnología Koha